Final Fantasy Main Characters - Statistics

General Stats
  • This quiz has been taken 82 times
  • The average score is 9 of 12
Answer Stats
Hint Answer % Correct
Final Fantasy VII Cloud Strife
98%
Final Fantasy XIII Lightning
90%
Final Fantasy X Tidus
90%
Final Fantasy VIII Squall Leonhart
84%
Final Fantasy VI Terra Branford/Locke Cole/Celes Chere
81%
Final Fantasy XV Noctis Lucis Caelum
78%
Final Fantasy IX Zidane Tribal
78%
Final Fantasy IV Cecil Harvey
74%
Final Fantasy XVI Clive Rosfield
64%
Final Fantasy V Bartz Klauser
62%
Final Fantasy XII Vaan
59%
Final Fantasy II Firion
57%
No matching quizzes found
Score Distribution
Percent of People with Each Score
Percentile by Number Answered
Your Score History
You have not taken this quiz